<?xml version='1.0' encoding='UTF-8'?>
  <record xmlns="http://www.loc.gov/MARC21/slim">
    <leader>00000cam a22000007i 4500</leader>
    <controlfield tag="001">ocn907308733</controlfield>
    <controlfield tag="003">OCoLC</controlfield>
    <controlfield tag="005">20251012050556.3</controlfield>
    <controlfield tag="008">890925s1635    ne            000 0 dut d</controlfield>
    <datafield tag="040" ind1=" " ind2=" ">
      <subfield code="a">NLGGC</subfield>
      <subfield code="b">dut</subfield>
      <subfield code="e">fobidrtb</subfield>
      <subfield code="c">NLGGC</subfield>
      <subfield code="d">OCLCO</subfield>
      <subfield code="d">OCLCL</subfield>
      <subfield code="d">OCLCQ</subfield>
      <subfield code="d">NLRIJ</subfield>
      <subfield code="d">OCLCO</subfield>
    </datafield>
    <datafield tag="029" ind1="0" ind2=" ">
      <subfield code="a">NLGGC</subfield>
      <subfield code="b">055430260</subfield>
    </datafield>
    <datafield tag="035" ind1=" " ind2=" ">
      <subfield code="a">(OCoLC)907308733</subfield>
    </datafield>
    <datafield tag="072" ind1=" " ind2="7">
      <subfield code="a">c</subfield>
      <subfield code="2">odfysin</subfield>
    </datafield>
    <datafield tag="072" ind1=" " ind2="7">
      <subfield code="a">h</subfield>
      <subfield code="2">odfysin</subfield>
    </datafield>
    <datafield tag="072" ind1=" " ind2="7">
      <subfield code="a">i</subfield>
      <subfield code="2">odfysin</subfield>
    </datafield>
    <datafield tag="072" ind1=" " ind2="7">
      <subfield code="a">x</subfield>
      <subfield code="2">odfysin</subfield>
    </datafield>
    <datafield tag="100" ind1="1" ind2=" ">
      <subfield code="a">Venne, Adriaen Pietersz van de,</subfield>
      <subfield code="d">1587/89-1662</subfield>
      <subfield code="1">https://id.oclc.org/worldcat/entity/E39PBJjhDRtpCx99pRTYmhmmVC</subfield>
    </datafield>
    <datafield tag="245" ind1="1" ind2="0">
      <subfield code="a">Adr. vande Vennes tafereel van de belacchende werelt, en desselfs geluckige eeuwe, goet rondt, met by-gevoegde raedsel-spreucken ..</subfield>
    </datafield>
    <datafield tag="246" ind1="3" ind2=" ">
      <subfield code="a">Tafereel van de belacchende werelt</subfield>
    </datafield>
    <datafield tag="260" ind1=" " ind2=" ">
      <subfield code="a">In 's Gravenhage, :</subfield>
      <subfield code="b">gedruckt voor den autheur ...,</subfield>
      <subfield code="c">1635.</subfield>
    </datafield>
    <datafield tag="300" ind1=" " ind2=" ">
      <subfield code="a">[16], 280 p. :</subfield>
      <subfield code="b">grav. ;</subfield>
      <subfield code="c">in-4.</subfield>
    </datafield>
    <datafield tag="336" ind1=" " ind2=" ">
      <subfield code="a">tekst</subfield>
      <subfield code="b">txt</subfield>
      <subfield code="2">rdacontent/dut</subfield>
    </datafield>
    <datafield tag="337" ind1=" " ind2=" ">
      <subfield code="a">zonder medium</subfield>
      <subfield code="b">n</subfield>
      <subfield code="2">rdamedia/dut</subfield>
    </datafield>
    <datafield tag="338" ind1=" " ind2=" ">
      <subfield code="a">band</subfield>
      <subfield code="b">nc</subfield>
      <subfield code="2">rdacarrier/dut</subfield>
    </datafield>
    <datafield tag="500" ind1=" " ind2=" ">
      <subfield code="a">Collatieformule: [ovl]-2[ovl] 4  A-2M 4.</subfield>
    </datafield>
    <datafield tag="510" ind1="0" ind2=" ">
      <subfield code="a">Toole-Stott 721</subfield>
    </datafield>
    <datafield tag="530" ind1=" " ind2=" ">
      <subfield code="a">Titel is geselecteerd voor digitalisering voor de Universiteit van Amsterdam in het kader van het Google Books-project.</subfield>
    </datafield>
    <datafield tag="520" ind1=" " ind2=" ">
      <subfield code="a">"First edition of a charmingly illustrated satirical work by the celebrated Dutch artist, Adriaen Pietersz. van de Venne (ca. 1589-1662). The main part of the work is a dialogue between the farmerboy Tamme Lubbert (Soft Johnny) and his sweetheart. They comment on the attractions and on the people at the annual fair at The Hague. They are followed by a gentleman who notes down their conversation and adds his own comments by way of moralising proverbs, wordplay, silly word-rhyme, and sayings in the margins. The finely engraved plates show lively and grotesque scenes of the fair at The Hague; the topsy-turvy world (a woman watching her man cleaning the floor; the ship of fools; a man who`s mind is sharpened on a whetstone; animals dressed up to the latest fashion etc. Incorporated in the text is a dictionary of thieves' slang. Van de Venne was a versatile Dutch Baroque painter of allegories, genre subjects and portraits, as well as a miniaturist, book-illustrator and designer of political satires. He designed the plates of Jacob Cats's Sinne- en minne beelden."</subfield>
    </datafield>
    <datafield tag="650" ind1=" " ind2="4">
      <subfield code="a">satire</subfield>
    </datafield>
    <datafield tag="650" ind1=" " ind2="4">
      <subfield code="a">gedichten (vorm)</subfield>
    </datafield>
    <datafield tag="651" ind1=" " ind2="4">
      <subfield code="a">Den Haag</subfield>
    </datafield>
    <datafield tag="700" ind1="1" ind2=" ">
      <subfield code="a">Venne, Adriaen van de</subfield>
      <subfield code="c">s'-Gravenhage.</subfield>
      <subfield code="4">prt</subfield>
      <subfield code="0">(NL-LeOCL)086438751</subfield>
    </datafield>
    <datafield tag="758" ind1=" " ind2=" ">
      <subfield code="a">Adr. vande Vennes tafereel van de belacchende werelt, en desselfs geluckige eeuwe, goet rondt, met by-gevoegde raedsel-spreucken (Text)</subfield>
      <subfield code="1">https://id.oclc.org/worldcat/entity/E39PCGBCxWJWC4W3wFYYTpFKr3</subfield>
      <subfield code="4">https://id.oclc.org/worldcat/ontology/hasWork</subfield>
    </datafield>
    <datafield tag="776" ind1="0" ind2=" ">
      <subfield code="t">Adr. vande Vennes tafereel van de belacchende werelt, en desselfs geluckige eeuwe, goet rondt, met by-gevoegde raedsel-spreucken ..</subfield>
      <subfield code="w">(NL-LeOCL)377496243</subfield>
    </datafield>
    <datafield tag="776" ind1="0" ind2=" ">
      <subfield code="t">Adr. vande Vennes tafereel van de belacchende werelt, en desselfs geluckige eeuwe, goet rondt, met by-gevoegde raedsel-spreucken ..</subfield>
      <subfield code="w">(NL-LeOCL)394262182</subfield>
    </datafield>
    <datafield tag="776" ind1="0" ind2=" ">
      <subfield code="t">Adr. vande Vennes tafereel van de belacchende werelt, en desselfs geluckige eeuwe, goet rondt, met by-gevoegde raedsel-spreucken ..</subfield>
      <subfield code="w">(NL-LeOCL)396693113</subfield>
    </datafield>
    <datafield tag="776" ind1="0" ind2=" ">
      <subfield code="t">Adr. vande Vennes tafereel van de belacchende werelt, en desselfs geluckige eeuwe, goet rondt, met by-gevoegde raedsel-spreucken ..</subfield>
      <subfield code="w">(NL-LeOCL)396693156</subfield>
    </datafield>
    <datafield tag="776" ind1="0" ind2=" ">
      <subfield code="t">Adr. vande Vennes tafereel van de belacchende werelt, en desselfs geluckige eeuwe, goet rondt, met by-gevoegde raedsel-spreucken ..</subfield>
      <subfield code="w">(NL-LeOCL)406943664</subfield>
    </datafield>
    <datafield tag="776" ind1="0" ind2=" ">
      <subfield code="t">Adr. vande Vennes tafereel van de belacchende werelt, en desselfs geluckige eeuwe, goet rondt, met by-gevoegde raedsel-spreucken ..</subfield>
      <subfield code="w">(NL-LeOCL)408363207</subfield>
    </datafield>
    <datafield tag="776" ind1="0" ind2=" ">
      <subfield code="t">Adr. vande Vennes tafereel van de belacchende werelt, en desselfs geluckige eeuwe, goet rondt, met by-gevoegde raedsel-spreucken ..</subfield>
      <subfield code="w">(NL-LeOCL)408363215</subfield>
    </datafield>
    <datafield tag="776" ind1="0" ind2=" ">
      <subfield code="t">Adr. vande Vennes tafereel van de belacchende werelt, en desselfs geluckige eeuwe, goet rondt, met by-gevoegde raedsel-spreucken ..</subfield>
      <subfield code="w">(NL-LeOCL)431436428</subfield>
    </datafield>
    <datafield tag="776" ind1="0" ind2=" ">
      <subfield code="t">Adr. vande Vennes tafereel van de belacchende werelt, en desselfs geluckige eeuwe, goet rondt, met by-gevoegde raedsel-spreucken ..</subfield>
      <subfield code="w">(NL-LeOCL)431455228</subfield>
    </datafield>
    <datafield tag="856" ind1="4" ind2="2">
      <subfield code="y">Short Title Catalogue, Netherlands</subfield>
      <subfield code="u">http://resolver.kb.nl/resolve?urn=STCN:852932715:record</subfield>
      <subfield code="z">zie de oorspronkelijke beschrijving bij de STCN voor mogelijk overige vindplaatsen</subfield>
      <subfield code="7">0</subfield>
    </datafield>
    <datafield tag="936" ind1=" " ind2=" ">
      <subfield code="a">BATCHLOAD</subfield>
    </datafield>
  </record>